Statistics for Answers that End in X

Click here to take the quiz!

General Stats

  • This quiz has been taken 39,541 times
  • The average score is 14 of 21

Answer Stats

HintAnswer% Correct
Swiss luxury watchmakerRolex
91%
DNA shape: double _____Helix
90%
Guitarist JimiHendrix
89%
One of New York City's five boroughsBronx
86%
Antonym of prefixSuffix
86%
Mythical creature found as a
giant statue in Egypt
Sphinx
82%
Latin for "King"; also a common
name for dogs
Rex
74%
Deadly disease eradicated in 1979Smallpox
74%
Female version of the word aviatorAviatrix
72%
Company synonymous with copy machinesXerox
72%
Body part also known as the voice boxLarynx
69%
River on the border of Earth and HadesStyx
68%
Time machine component: ____ capacitorFlux
61%
Opposite of the solsticeEquinox
56%
Sitting Bull and Crazy Horse were
part of this group of tribes
Sioux
56%
Capital of Nova ScotiaHalifax
53%
Infection caused by the bacteria
Bacillus anthracis
Anthrax
52%
Brand of heat-resistant glasswarePyrex
51%
Military formation employed by
Alexander the Great
Phalanx
43%
Twin of Castor in Greek mythologyPollux
39%
Plant substance used to make rubberLatex
35%

Score Distribution

Percentile by Number Answered

Percent of People with Each Score

Your Score History

You have not taken this quiz